000 00788nam a22002177a 4500
003 UA-OsUOA
001 94193
007 ta
008 20130206b un ||||| |||| 00| 0 ukr d
100 _aДонченко Т.
090 _a81
_bД67
942 _cSA
040 _aUA-OsUOA
_bukr
_cUA-OsUOA
_dUA-OsUOA
245 _aФормування виразного говоріння і читання під час вивчення синтаксису і пунктуації
300 _aС.14-18
955 _a0
041 _aukr
080 _a81
773 0 _w94185
_tУкраїнська мова й література в сучасній школі
_dК.
_d2013
_g1
650 7 _a8 Мовознавство. Художня література. Літературознавство
_2UDC
999 _c380437
_d380437